ბათუმის შოთა რუსთაველის სახელმწიფო უნივერსიტეტის ბიბლიოთეკა

Основы хирургической стоматологии. (ბიბ.ჩანაწერი № 34976)

000 -LEADER
fixed length control field 00737nam a2200229Ia 4500
001 - CONTROL NUMBER
control field 811
003 - CONTROL NUMBER IDENTIFIER
control field GE_BSU
008 - FIXED-LENGTH DATA ELEMENTS--GENERAL INFORMATION
fixed length control field 181216s||||||||xx |||||||||||||| ||und||
040 ## - CATALOGING SOURCE
Transcribing agency GE_BSU
080 ## - UNIVERSAL DECIMAL CLASSIFICATION NUMBER
Universal Decimal Classification number 616.31(075.8)
100 ## - MAIN ENTRY--PERSONAL NAME
Personal name Бернадский, Ю.И.
245 ## - TITLE STATEMENT
Title Основы хирургической стоматологии.
245 ## - TITLE STATEMENT
Remainder of title Учеб. пособие для студ.-субординаторов медицинских ин-тов.
250 ## - EDITION STATEMENT
Edition statement Изд. 2-е,перер. и доп.
260 ## - PUBLICATION, DISTRIBUTION, ETC.
Place of publication, distribution, etc. Киев
260 ## - PUBLICATION, DISTRIBUTION, ETC.
Name of publisher, distributor, etc. ,,Вища школа"",
260 ## - PUBLICATION, DISTRIBUTION, ETC.
Date of publication, distribution, etc. 1983
300 ## - PHYSICAL DESCRIPTION
Extent 392 с.
653 ## - INDEX TERM--UNCONTROLLED
Uncontrolled term Основы хирургической стоматологии
942 ## - ADDED ENTRY ELEMENTS (KOHA)
Koha item type წიგნი
ეგზემპლარები
Withdrawn status Lost status Damaged status Not for loan Date acquired Barcode Date last seen Price effective from Koha item type
        2018-12-17 1963 2018-12-17 2018-12-17 წიგნი